[Event "2014: Blitz 《THE LAST WINTER》"]
[Site "SchemingMind.com"]
[Date "2014.11.23"]
[Round "-"]
[White "Scooter"]
[Black "Ramesh Panwar"]
[Result "0-1"]
[WhiteCountry "USA"]
[BlackCountry "IND"]
[WhiteElo "1761"]
[WhiteRD "48"]
[BlackElo "2207"]
[BlackRD "52"]
[GameID "369438"]

1. d4 d5 2. Nf3 Nf6 3. Bf4 Bf5 4. e3 e6 5. Bd3 Bxd3 6. Qxd3 c5 7. c3 Nc6 8. O-O Be7 9. Nbd2 cxd4 10. cxd4 Nh5
11. a3 O-O 12. h3 Nxf4 13. exf4 Qb6 14. b4 Bf6 15. Nb3 a5 16. Nc5 Qc7 17. Rfc1 axb4 18. axb4 Rxa1 19. Rxa1 b6 20. Na6 Qxf4
0-1

[Event "2014: Blitz 《THE LAST WINTER》"]
[Site "SchemingMind.com"]
[Date "2014.11.23"]
[Round "-"]
[White "Ramesh Panwar"]
[Black "Scooter"]
[Result "1-0"]
[WhiteCountry "IND"]
[BlackCountry "USA"]
[WhiteElo "2207"]
[WhiteRD "52"]
[BlackElo "1761"]
[BlackRD "48"]
[GameID "369439"]

1. g3 Nf6 2. Bg2 g6 3. e4 d6 4. d4 Bg7 5. Ne2 O-O 6. O-O e5 7. d5 b6 8. c4 Ba6 9. Na3 Nbd7 10. Nc3 Nc5
11. Bg5 h6 12. Be3 Re8 13. f3 Qd7 14. b4
1-0

[Event "2014: Blitz 《THE LAST WINTER》"]
[Site "SchemingMind.com"]
[Date "2014.12.24"]
[Round "-"]
[White "BigDoggProblem"]
[Black "Scooter"]
[Result "1-0"]
[WhiteCountry "USA"]
[BlackCountry "USA"]
[WhiteElo "1824"]
[WhiteRD "62"]
[BlackElo "1759"]
[BlackRD "48"]
[GameID "371808"]

1. e4 c6 2. d4 d5 3. e5 Bf5 4. h4 h6 5. g4 Bh7 6. e6 fxe6 7. Bd3 g6 8. h5 g5 9. Nf3 Qc7 10. Ne5 Nd7
11. f4 Nxe5 12. fxe5 Bxd3 13. Qxd3 O-O-O 14. b4 b6 15. Qg6 c5 16. Qxe6+
1-0

[Event "2014: Blitz 《THE LAST WINTER》"]
[Site "SchemingMind.com"]
[Date "2014.12.24"]
[Round "-"]
[White "Scooter"]
[Black "BigDoggProblem"]
[Result "0-1"]
[WhiteCountry "USA"]
[BlackCountry "USA"]
[WhiteElo "1778"]
[WhiteRD "45"]
[BlackElo "1834"]
[BlackRD "62"]
[GameID "371809"]

1. d4 Nf6 2. Nf3 d5 3. Bf4 e6 4. e3 b6 5. Be2 Bb7 6. O-O c5 7. c3 Nc6 8. Nbd2 Be7 9. h3 O-O 10. Ne5 Nd7
11. Ndf3 f6 12. Nxc6 Bxc6 13. Nd2 e5 14. dxe5 fxe5 15. Bg3 Qc7 16. Bg4 Nf6 17. Be2 Rad8 18. Nf3 Bd6 19. Qb3 Ne4 20. Bh2 c4
21. Qc2 Rde8 22. Rfd1 Bc5 23. Nd2 Nxf2 24. Rf1 Bxe3
0-1

[Event "2014: Blitz 《THE LAST WINTER》"]
[Site "SchemingMind.com"]
[Date "2014.12.24"]
[Round "-"]
[White "BigDoggProblem"]
[Black "Ramesh Panwar"]
[Result "0-1"]
[WhiteCountry "USA"]
[BlackCountry "IND"]
[WhiteElo "1824"]
[WhiteRD "62"]
[BlackElo "2279"]
[BlackRD "51"]
[GameID "371810"]

1. e4 c5 2. Nf3 e6 3. d4 cxd4 4. Nxd4 Nf6 5. Nc3 d6 6. Be3 Nc6 7. Bc4 Be7 8. Bb3 O-O 9. O-O a6 10. f4 Bd7
11. Qe2 b5 12. a3 Nxd4 13. Bxd4 Bc6 14. Rad1 Qc7 15. e5 dxe5 16. Bxe5 Qb6+ 17. Kh1 g6 18. Rd3 Rad8 19. Rg3 Nd7 20. f5 Nxe5
21. Qxe5 Qc5 22. Qxc5 Bxc5 23. fxe6 fxe6 24. Bxe6+ Kg7 25. Rb1 Rf2 26. Bg4 Rdd2 27. Bf3 Bxf3 28. Rxf3 Rxg2 29. Rh3 Rxc2 30. Rd1 Rcd2
31. Rxd2 Rg1#
0-1

[Event "2014: Blitz 《THE LAST WINTER》"]
[Site "SchemingMind.com"]
[Date "2014.12.24"]
[Round "-"]
[White "Ramesh Panwar"]
[Black "BigDoggProblem"]
[Result "1-0"]
[WhiteCountry "IND"]
[BlackCountry "USA"]
[WhiteElo "2302"]
[WhiteRD "50"]
[BlackElo "1834"]
[BlackRD "62"]
[GameID "371811"]

1. d4 Nf6 2. c4 c5 3. d5 b5 4. cxb5 a6 5. e3 Bb7 6. Nc3 Qa5 7. Bd2 axb5 8. Bxb5 Qb6 9. Nf3 Nxd5 10. a4 e6
11. O-O Be7 12. a5 Nxc3 13. axb6 Nxd1 14. Rfxd1 O-O 15. Ra7 Rxa7 16. bxa7 Nc6 17. Bxc6 Bxc6 18. Ne5 Bb5 19. Ra1 Ra8 20. Ra5 Bc6
21. Nxc6 dxc6 22. Bc3 f6 23. Kf1 Kf7 24. Ke2 Ke8 25. Kd3 Kd7 26. Ra6 Bd6 27. h3 Be5 28. Bxe5 fxe5 29. Ke4 Kd6 30. Ra1 Ke7
31. Kxe5 g6 32. f4
1-0

[Event "2014: Blitz 《THE LAST WINTER》"]
[Site "SchemingMind.com"]
[Date "2015.01.03"]
[Round "-"]
[White "BigDoggProblem"]
[Black "jonjenson"]
[Result "1-0"]
[WhiteCountry "USA"]
[BlackCountry "ENG"]
[WhiteElo "1810"]
[WhiteRD "63"]
[BlackElo "1847"]
[BlackRD "120"]
[GameID "372093"]

1. e4 c5 2. Nf3 d6 3. d4 cxd4 4. Nxd4 Nf6 5. Nc3 e6 6. Be3 a6 7. Be2 Bd7 8. g4 h6 9. Rg1 Nc6 10. h4 Qc7
11. g5 hxg5 12. hxg5 Ng8 13. f4 Nge7 14. Bg4 g6 15. Qf3 Bg7 16. O-O-O O-O-O 17. Ndb5 axb5 18. Nxb5 Qa5 19. Nxd6+ Kb8 20. Kb1 Nb4
21. a3 Nxc2 22. Kxc2 Ba4+ 23. Kb1 Bxb2 24. Nc4 Bxd1 25. Rxd1 Rxd1+ 26. Qxd1 Qc3 27. Qd6+ Ka8 28. Nb6+ Ka7 29. Nd5+
1-0

[Event "2014: Blitz 《THE LAST WINTER》"]
[Site "SchemingMind.com"]
[Date "2015.01.03"]
[Round "-"]
[White "jonjenson"]
[Black "BigDoggProblem"]
[Result "1-0"]
[WhiteCountry "ENG"]
[BlackCountry "USA"]
[WhiteElo "1847"]
[WhiteRD "120"]
[BlackElo "1810"]
[BlackRD "63"]
[GameID "372094"]

1. e4 d6 2. d4 Nf6 3. Nc3 g6 4. f4 Bg7 5. Nf3 c5 6. Bb5+ Bd7 7. e5 Ng4 8. e6 Bxb5 9. exf7+ Kd7 10. Nxb5 Qa5+
11. Nc3 cxd4 12. Nxd4 Nh6 13. Ne2 Qc5 14. Qd3 Nc6 15. Be3 Qb4 16. O-O Ng4 17. Nd5 Qa5 18. Bd2 Qc5+ 19. Ne3 Rhf8 20. Kh1 Nh6
21. b4 Nxb4 22. Bxb4 Qxb4 23. Rab1 Qa5 24. Rxb7+ Kd8 25. Qe4 Nxf7 26. Qxe7+
1-0

[Event "2014: Blitz 《THE LAST WINTER》"]
[Site "SchemingMind.com"]
[Date "2015.01.03"]
[Round "-"]
[White "jonjenson"]
[Black "Scooter"]
[Result "1-0"]
[WhiteCountry "ENG"]
[BlackCountry "USA"]
[WhiteElo "1847"]
[WhiteRD "120"]
[BlackElo "1731"]
[BlackRD "44"]
[GameID "372095"]

1. e4 c6 2. d4 d5 3. e5 Bf5 4. h4 h6 5. h5 e6 6. g4 Bh7 7. Bd3 Bxd3 8. Qxd3 Nd7 9. Nf3 c5 10. Nc3 cxd4
11. Ne2 Bb4+ 12. Bd2 Bxd2+ 13. Qxd2 Qc7 14. Qxd4 Ne7 15. O-O O-O-O 16. Qxa7 Nxe5 17. Qa8+ Kd7 18. Qa4+ N7c6 19. Nxe5+ Ke7 20. Qa3+
1-0

[Event "2014: Blitz 《THE LAST WINTER》"]
[Site "SchemingMind.com"]
[Date "2015.01.03"]
[Round "-"]
[White "Scooter"]
[Black "jonjenson"]
[Result "1-0"]
[WhiteCountry "USA"]
[BlackCountry "ENG"]
[WhiteElo "1731"]
[WhiteRD "44"]
[BlackElo "1847"]
[BlackRD "120"]
[GameID "372096"]

1. d4 Nf6 2. Nf3 d5 3. Bf4 g6 4. e3 Bg7 5. Be2 O-O 6. O-O Bg4 7. Nbd2 Nbd7 8. h3 Bxf3 9. Nxf3 Nh5 10. Bh2 f5
11. c4 c6 12. Ng5 Nhf6 13. Ne6 Qc8 14. Nxf8 Qxf8 15. b3 Ne4 16. cxd5 cxd5 17. Rc1 b6 18. Rc7 Nb8 19. Qc2 a5 20. Rc8
1-0

[Event "2014: Blitz 《THE LAST WINTER》"]
[Site "SchemingMind.com"]
[Date "2015.01.03"]
[Round "-"]
[White "jonjenson"]
[Black "Ramesh Panwar"]
[Result "0-1"]
[WhiteCountry "ENG"]
[BlackCountry "IND"]
[WhiteElo "1836"]
[WhiteRD "168"]
[BlackElo "2302"]
[BlackRD "50"]
[GameID "372097"]

1. e4 e5 2. Nf3 Nc6 3. Bc4 Nf6 4. d3 Bc5 5. c3 d5 6. exd5 Nxd5 7. O-O O-O 8. h3 Be6 9. Ng5 Bf5 10. Qf3 Nce7
11. Ne4 Bb6 12. Bg5 f6 13. Bh4 c6 14. Nbd2 a5 15. a4 Bg6 16. Ba2 Kh8 17. Nc4 Nf4 18. Rad1 Nf5 19. Bg3 Bh5 20. Qxh5 Nxh5
0-1

[Event "2014: Blitz 《THE LAST WINTER》"]
[Site "SchemingMind.com"]
[Date "2015.01.03"]
[Round "-"]
[White "Ramesh Panwar"]
[Black "jonjenson"]
[Result "1-0"]
[WhiteCountry "IND"]
[BlackCountry "ENG"]
[WhiteElo "2302"]
[WhiteRD "50"]
[BlackElo "1836"]
[BlackRD "168"]
[GameID "372098"]

1. e4 c5 2. Nf3 d6 3. d4 cxd4 4. Nxd4 Nf6 5. Nc3 a6 6. Bg5 Nc6 7. Be2 e6 8. Nxc6 bxc6 9. O-O Be7 10. Qd3 h6
11. Bc1 e5 12. Qg3 h5 13. Rd1 h4 14. Qxg7 Rg8 15. Qh6 h3 16. g3 Rg6 17. Qh8+ Ng8 18. b3 Bf6 19. Qh5 Be6 20. Na4 Nh6
21. Bxh6
1-0

[Event "2014: Blitz 《THE LAST WINTER》"]
[Site "SchemingMind.com"]
[Date "2015.01.08"]
[Round "-"]
[White "BigDoggProblem"]
[Black "emvarela"]
[Result "1-0"]
[WhiteCountry "USA"]
[BlackCountry "ARG"]
[WhiteElo "1810"]
[WhiteRD "63"]
[BlackElo "1693"]
[BlackRD "51"]
[GameID "372373"]

1. e4 e5 2. Nf3 Nc6 3. Bb5 a6 4. Ba4 Nf6 5. O-O Be7 6. Re1 b5 7. Bb3 O-O 8. a4 b4 9. a5 Bb7 10. d3 h6
11. Nbd2 d6 12. Nf1 d5 13. exd5 Nxd5 14. Nxe5 Nxe5 15. Rxe5 Bd6 16. Re1 Qh4 17. Bd2 Nf4 18. Bxf4 Bxf4 19. Qe2 Rae8 20. Qxe8 Rxe8
21. Rxe8+ Kh7 22. Bxf7 Bg5 23. Rae1 Qg4 24. Ng3 Bf4 25. Bg8+ Kg6 26. R8e6+ Kg5 27. h3 Qh4 28. Bf7 Bxg3 29. fxg3 Qd4+ 30. Kh2
1-0

[Event "2014: Blitz 《THE LAST WINTER》"]
[Site "SchemingMind.com"]
[Date "2015.01.03"]
[Round "-"]
[White "emvarela"]
[Black "BigDoggProblem"]
[Result "0-1"]
[WhiteCountry "ARG"]
[BlackCountry "USA"]
[WhiteElo "1695"]
[WhiteRD "49"]
[BlackElo "1834"]
[BlackRD "62"]
[GameID "372374"]

1. e4 d6 2. d4 Nf6 3. Nc3 g6 4. f4 Bg7 5. Nf3 c5 6. dxc5 Qa5 7. Bd3 Qxc5 8. Bd2 Bg4 9. h3 Bxf3 10. Qxf3 a6
11. O-O-O b5 12. Be3 Qc7 13. Nd5 Nxd5 14. exd5 Nd7 15. Be2 Rc8 16. Rd2 Nb6 17. Bxb6 Qxb6 18. g4 Qa5 19. Qb3 O-O 20. c3 Bxc3
0-1

[Event "2014: Blitz 《THE LAST WINTER》"]
[Site "SchemingMind.com"]
[Date "2015.01.03"]
[Round "-"]
[White "emvarela"]
[Black "jonjenson"]
[Result "0-1"]
[WhiteCountry "ARG"]
[BlackCountry "ENG"]
[WhiteElo "1660"]
[WhiteRD "50"]
[BlackElo "1904"]
[BlackRD "110"]
[GameID "372375"]

1. e4 c5 2. Nf3 Nc6 3. d4 cxd4 4. Nxd4 d6 5. Nxc6 bxc6 6. Nc3 Nf6 7. Bd3 a5 8. O-O e5 9. Bg5 Be7 10. Bxf6 Bxf6
11. f4 Qb6+ 12. Kh1 Qxb2 13. Na4 Qb7 14. fxe5 Bxe5 15. Rb1 Qe7 16. Nb6 Rb8 17. Nxc8 Rxc8 18. Qg4 O-O 19. Rf3 Rb8 20. Rbf1 Qe6
21. Qxe6 fxe6 22. g3 Rxf3 23. Rxf3 Rf8 24. Kg2 Rxf3 25. Kxf3 Kf7 26. a4 d5 27. exd5 exd5 28. h3 h6 29. c4 Ke6 30. c5 Bc7
31. g4 Ke5 32. Ke3 d4+ 33. Kf3 Kd5 34. h4 Kxc5
0-1

[Event "2014: Blitz 《THE LAST WINTER》"]
[Site "SchemingMind.com"]
[Date "2015.01.08"]
[Round "-"]
[White "jonjenson"]
[Black "emvarela"]
[Result "1-0"]
[WhiteCountry "ENG"]
[BlackCountry "ARG"]
[WhiteElo "1847"]
[WhiteRD "120"]
[BlackElo "1693"]
[BlackRD "51"]
[GameID "372376"]

1. e4 e5 2. Nf3 Nc6 3. Bc4 Bc5 4. b4 Bb6 5. a4 a6 6. Bb2 f6 7. d4 exd4 8. b5 axb5 9. axb5 Rxa1 10. Bxa1 Ne5
11. Nxe5 fxe5 12. Qh5+ g6 13. Qxe5+
1-0

[Event "2014: Blitz 《THE LAST WINTER》"]
[Site "SchemingMind.com"]
[Date "2015.01.03"]
[Round "-"]
[White "emvarela"]
[Black "Scooter"]
[Result "0-1"]
[WhiteCountry "ARG"]
[BlackCountry "USA"]
[WhiteElo "1695"]
[WhiteRD "49"]
[BlackElo "1778"]
[BlackRD "45"]
[GameID "372377"]

1. e4 c6 2. d4 d5 3. exd5 cxd5 4. c4 dxc4 5. Bxc4 Bf5 6. Nf3 Nd7 7. Qb3 Bg6 8. O-O e6 9. Ne5 Ngf6 10. Bg5 Be7
11. Nxg6 hxg6 12. Bxf6 Bxf6 13. Rd1 Qc7 14. Nc3 Qxh2+ 15. Kf1 Qc7 16. Nb5 Qb6 17. d5 Nc5 18. Qc2 a6 19. Nd6+ Qxd6 20. dxe6 Rh1+
21. Ke2 Qe5+ 22. Kd2 Rd8+
0-1

[Event "2014: Blitz 《THE LAST WINTER》"]
[Site "SchemingMind.com"]
[Date "2015.01.03"]
[Round "-"]
[White "emvarela"]
[Black "Ramesh Panwar"]
[Result "0-1"]
[WhiteCountry "ARG"]
[BlackCountry "IND"]
[WhiteElo "1695"]
[WhiteRD "49"]
[BlackElo "2302"]
[BlackRD "50"]
[GameID "372379"]

1. e4 c5 2. Nf3 d6 3. d4 cxd4 4. Nxd4 Nf6 5. Nc3 g6 6. Bd3 Bg7 7. Be3 Nc6 8. Nxc6 bxc6 9. O-O Ng4 10. Qd2 Rb8
11. Nd1 Nxe3 12. Qxe3 Qc7 13. c3 O-O 14. b4 a5 15. Rb1 Rd8 16. a3 d5 17. exd5 cxd5 18. Qg3 e5 19. f4 e4 20. Be2 d4
21. cxd4 Qc2
0-1

[Event "2014: Blitz 《THE LAST WINTER》"]
[Site "SchemingMind.com"]
[Date "2015.01.03"]
[Round "-"]
[White "Ramesh Panwar"]
[Black "emvarela"]
[Result "1-0"]
[WhiteCountry "IND"]
[BlackCountry "ARG"]
[WhiteElo "2302"]
[WhiteRD "50"]
[BlackElo "1695"]
[BlackRD "49"]
[GameID "372380"]

1. e4 e5 2. Nf3 Nc6 3. Bb5 a6 4. Ba4 Nf6 5. O-O Nxe4 6. Re1 Nf6 7. Nxe5 Nxe5 8. d4 Be7 9. dxe5 Ng8 10. Qf3 c6
11. Bb3
1-0

[Event "2014: Blitz 《THE LAST WINTER》"]
[Site "SchemingMind.com"]
[Date "2015.01.22"]
[Round "-"]
[White "BigDoggProblem"]
[Black "kenneth m day"]
[Result "1-0"]
[WhiteCountry "USA"]
[BlackCountry "USA"]
[WhiteElo "1810"]
[WhiteRD "63"]
[BlackElo "1698"]
[BlackRD "51"]
[GameID "373528"]

1. e4 e5 2. Nf3 Nc6 3. Bb5 a6 4. Ba4 Nf6 5. O-O Nxe4 6. d4 b5 7. Bb3 d5 8. dxe5 Be6 9. a4 b4 10. a5 Be7
11. Be3 O-O 12. Nbd2 Bg4 13. h3 Bh5 14. Re1 Nxe5 15. g4 Bg6 16. Nxe5 Bf6 17. Nxg6 fxg6 18. Nxe4 Bxb2 19. Ra2 Be5 20. Bxd5+
1-0

[Event "2014: Blitz 《THE LAST WINTER》"]
[Site "SchemingMind.com"]
[Date "2015.01.22"]
[Round "-"]
[White "kenneth m day"]
[Black "BigDoggProblem"]
[Result "1-0"]
[WhiteCountry "USA"]
[BlackCountry "USA"]
[WhiteElo "1698"]
[WhiteRD "51"]
[BlackElo "1810"]
[BlackRD "63"]
[GameID "373529"]

1. e4 d6 2. d4 Nf6 3. Nc3 g6 4. f4 Bg7 5. Nf3 c5 6. Bb5+ Bd7 7. Bxd7+ Nbxd7 8. d5 b5 9. e5 Ng4 10. e6 Nb8
11. Ng5 Nh6 12. exf7+ Kd7 13. Ne6 Bxc3+ 14. bxc3 Qc8 15. f8=Q Rxf8 16. Nxf8+ Qxf8 17. O-O Qf5 18. Qf3 Na6 19. Rf2 Nc7 20. Bb2 Rf8
21. Qd3 Qxd5 22. Qxd5 Nxd5 23. c4 bxc4 24. Bg7 Rxf4 25. Bxh6 Re4 26. Rf7 Nf6 27. Rf1 Re2 28. R1xf6 Rxc2 29. Rf2
1-0

[Event "2014: Blitz 《THE LAST WINTER》"]
[Site "SchemingMind.com"]
[Date "2015.01.26"]
[Round "-"]
[White "emvarela"]
[Black "kenneth m day"]
[Result "0-1"]
[WhiteCountry "ARG"]
[BlackCountry "USA"]
[WhiteElo "1660"]
[WhiteRD "50"]
[BlackElo "1730"]
[BlackRD "50"]
[GameID "373530"]

1. e4 e5 2. Nf3 Nc6 3. Bb5 a6 4. Bxc6 dxc6 5. O-O Qd6 6. d3 Bg4 7. Be3 Nf6 8. h3 Be6 9. b3 Be7 10. c4 O-O
11. Qc2 Rfd8 12. d4 exd4 13. Nxd4 Bd7 14. Nc3 c5 15. Nf5 Bxf5 16. exf5 c6 17. Rad1 Qe5 18. Rfe1 Bd6 19. Bg5 Qh2+ 20. Kf1 Re8
21. Rxe8+ Rxe8 22. Ne2 Ne4 23. Rd3 Qh1+ 24. Ng1 Bh2
0-1

[Event "2014: Blitz 《THE LAST WINTER》"]
[Site "SchemingMind.com"]
[Date "2015.01.26"]
[Round "-"]
[White "kenneth m day"]
[Black "emvarela"]
[Result "1-0"]
[WhiteCountry "USA"]
[BlackCountry "ARG"]
[WhiteElo "1730"]
[WhiteRD "50"]
[BlackElo "1660"]
[BlackRD "50"]
[GameID "373531"]

1. e4 e5 2. f4 exf4 3. Nf3 Nf6 4. e5 Qe7 5. Qe2 Nd5 6. c4 Nb6 7. d4 d5 8. c5 N6d7 9. Bxf4 c6 10. Nc3 b5
11. O-O-O h6 12. g4 g5 13. Bg3 f5 14. gxf5 h5 15. f6 Qe6 16. Nxg5 Bh6 17. Bf4 Bxg5 18. Bxg5 Kf7 19. h4 Qg4 20. Qd3 Nxc5
21. dxc5 Bf5 22. Qd4 Qxd4 23. Rxd4 Nd7 24. Bh3 Bxh3 25. Rxh3 Nxe5 26. Re3 Ng6 27. Ne2 Rae8 28. Rdd3 Ne5 29. Rd1 Nc4 30. Re7+ Rxe7
31. fxe7 Re8 32. Nf4 Ne3 33. Re1 Nf5 34. Nxh5 Nxe7 35. Nf6 Rh8 36. Nd7 Re8 37. Ne5+
1-0

[Event "2014: Blitz 《THE LAST WINTER》"]
[Site "SchemingMind.com"]
[Date "2015.01.27"]
[Round "-"]
[White "jonjenson"]
[Black "kenneth m day"]
[Result "1-0"]
[WhiteCountry "ENG"]
[BlackCountry "USA"]
[WhiteElo "1904"]
[WhiteRD "110"]
[BlackElo "1730"]
[BlackRD "50"]
[GameID "373534"]

1. d4 Nf6 2. c4 e6 3. Nc3 d5 4. cxd5 exd5 5. Bg5 c6 6. Qc2 Be7 7. Nf3 O-O 8. e3 Bg4 9. Bd3 Nbd7 10. Ne5 Bh5
11. Nxd7 Qxd7 12. Bxf6 Bxf6 13. Bxh7+ Kh8 14. Bf5 Qd6 15. O-O Bd8 16. a3 Bc7 17. g3 Qf6 18. Bh3 Bg6 19. Qd2 Rfe8 20. Bg2 Kh7
21. b4 Rh8 22. e4 dxe4 23. Nxe4 Qf5 24. Ng5+ Kg8 25. Be4 Qf6 26. Bxg6 Qxg6 27. f4 Bb6 28. Nf3 Rd8 29. Rad1 Qg4 30. Kh1 Qxg3
31. Qg2 Qxf4 32. Ne5 Rxd4 33. Rxf4 Rxd1+ 34. Rf1 Rd5 35. Rxf7 Rxe5 36. Qxg7#
1-0

[Event "2014: Blitz 《THE LAST WINTER》"]
[Site "SchemingMind.com"]
[Date "2015.01.27"]
[Round "-"]
[White "kenneth m day"]
[Black "jonjenson"]
[Result "0-1"]
[WhiteCountry "USA"]
[BlackCountry "ENG"]
[WhiteElo "1730"]
[WhiteRD "50"]
[BlackElo "1904"]
[BlackRD "110"]
[GameID "373535"]

1. e4 Nf6 2. e5 Nd5 3. d4 d6 4. c4 Nb6 5. Nf3 g6 6. Nc3 Bg7 7. Bg5 O-O 8. Be2 dxe5 9. O-O exd4 10. Ne4 Nc6
11. Re1 Bg4 12. h3 Bxf3 13. gxf3 Ne5 14. b3 d3 15. Bf1 h6 16. Bd2 f5 17. Nc5 Qd4 18. Ne6 Qxa1 19. Nxf8 Qxd1 20. Rxd1 Kxf8
21. Bb4 Nxf3+ 22. Kg2 Ne5 23. f4 Nc6 24. Rxd3 Nxb4 25. Rd2 Bc3 26. Re2 Rd8 27. Rf2 Rd2 28. Rxd2 Bxd2
0-1

[Event "2014: Blitz 《THE LAST WINTER》"]
[Site "SchemingMind.com"]
[Date "2015.01.22"]
[Round "-"]
[White "Scooter"]
[Black "kenneth m day"]
[Result "0-1"]
[WhiteCountry "USA"]
[BlackCountry "USA"]
[WhiteElo "1731"]
[WhiteRD "44"]
[BlackElo "1698"]
[BlackRD "51"]
[GameID "373536"]

1. d4 Nf6 2. Nf3 g6 3. Bf4 Bg7 4. e3 d6 5. Be2 O-O 6. O-O Nbd7 7. h3 Re8 8. Nbd2 Nh5 9. Bh2 e5 10. dxe5 dxe5
11. c3 c5 12. Nc4 b5 13. Nd6 Re7 14. Bxb5 Qb6 15. Nxc8 Rxc8 16. Bxd7 Rd8 17. Qc2 Rdxd7 18. Rfd1 Qe6 19. Rxd7 Rxd7 20. e4 Nf4
21. b3 h6 22. Rd1 Qc6 23. Bxf4 exf4 24. Rxd7 Qxd7 25. c4 h5 26. Qd2 Qxd2 27. Nxd2 Bc3 28. Nb1 Bb4 29. a3 Ba5 30. f3 Kg7
31. Kf2 Kf6 32. Ke2 Bc7 33. Nc3 Be5 34. Kd3 a6 35. Na4 Bd6 36. b4 cxb4 37. c5 bxa3 38. cxd6 a2 39. d7 Ke7
0-1

[Event "2014: Blitz 《THE LAST WINTER》"]
[Site "SchemingMind.com"]
[Date "2015.01.22"]
[Round "-"]
[White "kenneth m day"]
[Black "Scooter"]
[Result "0-1"]
[WhiteCountry "USA"]
[BlackCountry "USA"]
[WhiteElo "1730"]
[WhiteRD "50"]
[BlackElo "1708"]
[BlackRD "44"]
[GameID "373537"]

1. e4 c6 2. c4 d5 3. cxd5 cxd5 4. exd5 Qxd5 5. d4 Nc6 6. Nf3 Bg4 7. Be2 Nf6 8. Nc3 Qd8 9. Be3 e6 10. O-O Bd6
11. Rc1 O-O 12. h3 Bxf3 13. Bxf3 Rc8 14. Qe2 a6 15. Rfd1 Qc7 16. Ne4 Nxe4 17. Bxe4 Bf4 18. Bxf4 Qxf4 19. Qe3 Qf6 20. g4 Rfd8
21. g5 Qe7 22. h4 Nb4 23. Bb1 Nd5 24. Qe4 g6 25. Qe5 Nb4 26. a3 Rxc1 27. Rxc1 Nd5 28. Be4 Qd6 29. Qxd6 Rxd6 30. Rc8+ Kg7
31. Rb8 b5 32. Rb7 Nf4 33. f3 Ne2+ 34. Kf2 Nxd4 35. Ke3 Nf5+ 36. Bxf5 exf5 37. Rc7 Rd1 38. Kf4 Rb1 39. Ra7 Rxb2 40. Rxa6 b4
41. a4 Ra2 42. a5 b3 43. Rb6 Rxa5 44. Rxb3= h6 45. Rb4 hxg5+ 46. hxg5 Ra1 47. Rc4 Rh1 48. Kg3 Rh5 49. f4 Rh1 50. Kg2 Re1
51. Kf3 Re7 52. Rd4= f6 53. gxf6+ Kxf6 54. Rd6+ Re6 55. Rd5 g5 56. fxg5+ Kxg5 57. Rd4 Rb6 58. Rd3 Rb1 59. Rc3 Rh1 60. Kg2 Rh4
61. Rg3+ Rg4 62. Rxg4+ Kxg4 63. Kg1 Kf3 64. Kf1 f4 65. Ke1 Kg2
0-1

[Event "2014: Blitz 《THE LAST WINTER》"]
[Site "SchemingMind.com"]
[Date "2015.01.22"]
[Round "-"]
[White "kenneth m day"]
[Black "Ramesh Panwar"]
[Result "0-1"]
[WhiteCountry "USA"]
[BlackCountry "IND"]
[WhiteElo "1698"]
[WhiteRD "51"]
[BlackElo "2329"]
[BlackRD "52"]
[GameID "373538"]

1. e4 c5 2. d4 cxd4 3. c3 e5 4. Nf3 Nc6 5. Bc4 Nf6 6. Bg5 Be7 7. Qe2 d6 8. cxd4 exd4 9. Nbd2 O-O 10. O-O h6
11. Bh4 Be6 12. Bb5 Qb6 13. b3 Rfe8 14. Rac1 Nh5 15. Bxe7 Nf4 16. Qe1 Qxb5 17. Bxd6 Ne2+ 18. Kh1 Nxc1 19. Qxc1 Bg4 20. Re1 Rad8
21. e5 Bxf3 22. Nxf3 Qd5 23. Qf4 f6 24. h3 fxe5 25. Bxe5 Nxe5 26. Nxe5 d3
0-1

[Event "2014: Blitz 《THE LAST WINTER》"]
[Site "SchemingMind.com"]
[Date "2015.01.22"]
[Round "-"]
[White "Ramesh Panwar"]
[Black "kenneth m day"]
[Result "1-0"]
[WhiteCountry "IND"]
[BlackCountry "USA"]
[WhiteElo "2302"]
[WhiteRD "50"]
[BlackElo "1691"]
[BlackRD "48"]
[GameID "373539"]

1. e4 e5 2. Nf3 Nc6 3. Bb5 f5 4. Nc3 Nf6 5. exf5 d6 6. d4 Bd7 7. Bxc6 bxc6 8. dxe5 dxe5 9. Nxe5 Bxf5 10. Qf3 Bd7
11. Nxc6 Qc8 12. O-O Bd6 13. Nxa7 Qd8 14. Nc6 Bxc6 15. Qxc6+ Kf7 16. Qc4+ Kf8 17. Bf4 Qd7 18. Rfd1 Rd8 19. a4 Qe7 20. a5 g5
21. Bxg5 Qe5 22. Bh6+
1-0